00784nam a22002297a 450000500170000000800410001702000230005804000190008104100120010008200220011210000360013424500690017025000190023926000290025830000220028744000260030950000630033550400500039865000680044870000280051685000100054420010101003022.0010101b xxu||||| |||| 00| 0 eng d a9789382563204c325 aLoreto College aEnglish a822.33/IDbAS-DUS aShakespeare, Williamd1564-1616 aAs you like itcWilliam Shakespeare. Edited by Juliet Dusinberre aIndian ed 2013 aLondonbBloomsburyc2013 axviii,449pb22 cm aThe Arden Shakespeare aThis edition first published 2006 by the Arden Shakespeare aIncludes bibliographical references and index aDrama in EnglishxLiterature in EnglishyElizabethan, 1558-1625 4ed.aDusinberre, Juliet aLCLIB